Q: skills for success reading and writing (with iQ online: integrated digital content)

Saved in:
Bibliographic Details
Main Author: Ward, Colin S
Other Authors: Gramer, Margot F
Format: Book
Language:Undetermined
Published: Oxford Oxford University Press 2015
Subjects:
Online Access:http://lrc.tdmu.edu.vn/opac/search/detail.asp?aID=2&ID=35148
Tags: Add Tag
No Tags, Be the first to tag this record!
Institutions: Trung tâm Học liệu Trường Đại học Thủ Dầu Một
LEADER 00889nam a2200217Ia 4500
001 TDMU_35148
008 210410s9999 xx 000 0 und d
082 |a 351.0285 
090 |b W109 
100 |a Ward, Colin S 
245 0 |a Q: skills for success 
245 0 |b reading and writing (with iQ online: integrated digital content) 
245 0 |c Colin S. Ward, Margot F. Gramer 
260 |a Oxford 
260 |b Oxford University Press 
260 |c 2015 
300 |a vii, 216 p. 
650 |a English language  |x Study and teaching  |x Foreign speakers; Ngôn ngữ Anh  |x Dạy và học  |x Người nói tiếng nước ngoài; English language  |x Reading  |x Writing; Ngôn ngữ Anh  |x Đọc  |x Viết 
700 |a Gramer, Margot F 
856 |u http://lrc.tdmu.edu.vn/opac/search/detail.asp?aID=2&ID=35148 
980 |a Trung tâm Học liệu Trường Đại học Thủ Dầu Một